| 000 | 00807nam a22002177a 4500 | ||
|---|---|---|---|
| 999 |
_c18967 _d18967 |
||
| 003 | AR-CdUCM | ||
| 008 | 190516b ||||| |||| 00| 0 spa d | ||
| 040 |
_aMUNICIPALIDAD PROVINCIAL DEL CUSCO _cBIBLIOTECA MUNICIPAL DEL CUSCO |
||
| 082 |
_a632.58 / _bH37 |
||
| 100 |
_aHelgeson, Earl A. _939925 |
||
| 245 | _aLa lucha contra las malas hierbas / | ||
| 260 |
_aRoma : _bFao, _c1957. |
||
| 300 |
_a205 páginas ; _c25 cm. |
||
| 440 |
_aColección Fao estudios agropecuarios _939926 |
||
| 505 | _aContenido : Principios de lucha contra las malas hierbas -- Ciclo vegetativo -- Lucha contra las malezas de las plantas de gran cultivo... | ||
| 650 |
_aMétodos químicos _939927 |
||
| 650 |
_aTipos de herbicidas _939928 |
||
| 650 |
_aLucha contra las malezas _939929 |
||
| 942 |
_2ddc _cLIBROS |
||
| 945 | _arcc | ||